MARIA DE LOS ANGELES: NOVELA MEXICANA /

Zapisane w:
Opis bibliograficzny
1. autor: Unda de Saenz, Guadalupe (autor)
Format: Książka
Hasła przedmiotowe:
Etykiety: Dodaj etykietę
Nie ma etykietki, Dołącz pierwszą etykiete!

MARC

LEADER 00000nam^a2200000^a^4500
001 000228368
005 20250521000000.0
009 20260310104322.567
035 |a 048537 
037 |a Acervo Xavier Clavigero 
082 |a 863.  |b UND 
100 |a Unda de Saenz, Guadalupe  |e (autor) 
245 1 0 |a MARIA DE LOS ANGELES:  |b NOVELA MEXICANA /  |c GUADALUPE UNDA DE SAENZ 
264 |a MEXICO :  |b HERRERO,  |c 1932 
300 |a 410p. 
336 |a texto  |b txt  |2 rdacontenido 
337 |a sin mediación  |b n  |2 rdamedio 
338 |a volumen  |b nc  |2 rdasoporte 
649 |a XX 
650 |a Novela Mexicana 
650 |a Literatura Mexicana 
910 |a Fondo General 
920 |a Impresos - Libros 
930 |a Colección General 
940 |a Literatura 
905 |a 101 
901 |a 048537  |b IT1  |c LIT  |i 048537  |u 20250521 
902 |a https://opac.biblio.iteso.mx/vufind/Record/000228368